[Event "Tournament \"]
[Site "masterchessopen.com – Chicago (USA)"]
[Round "3"]
[White "Wallach Kenneth (USA)"]
[Black "Stevanovic Milidar"]
[Result "1-0"]
[WhiteElo "2176"]
[BlackElo "2230"]

1.d4 Nf6 2.c4 g6 3.Nc3 Bg7 4.e4 d6 5.f3 O-O 6.Be3 Nc6 7.Nge2 Rb8 8.Qd2 a6 9.g4
b5 10.h4 h5 11.gxh5 Nxh5 12.O-O-O bxc4 13.Qe1 e5 14.d5 Nb4 15.Ng3 Nf4 16.Bxc4
c6 17.a3 cxd5 18.exd5 Qc7 19.Qf1 Bh3 20.Rxh3 Nxh3 21.Qxh3 Qxc4 22.axb4 Qxb4
23.Rd2 Rfc8 24.Rc2 Rc4 25.h5 Rh4 26.Qg2 Rc4 27.hxg6 fxg6 28.Nge4 Rxe4 29.fxe4
Rf8 30.Qxg6 {#r} 1-0

[Event "Ch Denmark (corr.)"]
[Site "masterchessopen.com – corr."]
[Round "0"]
[White "Andersen Frank (DEN)"]
[Black "Boye Niels (DEN)"]
[Result "1-0"]
[WhiteElo "2145"]
[BlackElo "1970"]

1.d4 Nf6 2.c4 g6 3.Nc3 Bg7 4.e4 d6 5.f3 O-O 6.Be3 Nc6 7.Nge2 a6 8.Qd2 Rb8 9.h4
h5 10.Bh6 b5 11.Bxg7 Kxg7 12.O-O-O e5 13.dxe5 Nxe5 14.cxb5 axb5 15.Nf4 b4
16.Ncd5 c5 17.Nxf6 Qxf6 18.Nd5 Qe6 19.f4 Ng4 20.Re1 Bd7 21.Bc4 Nf6 22.f5 Nxe4
23.f6+ Kh7 24.Qc2 Rfe8 25.Ne7 Qxf6 26.Rhf1 Qxe7 27.Rxf7+ Qxf7 28.Bxf7 Re5
29.Rxe4 Bf5 30.Bd5 Rxd5 31.Re7+ Kh6 32.Qf2 g5 33.Qf3 {#r} 1-0

[Event "Ch Denmark (corr.)"]
[Site "masterchessopen.com – corr."]
[Round "0"]
[White "Andersen Frank (DEN)"]
[Black "Pedersen Erik (DEN)"]
[Result "1-0"]
[WhiteElo "2145"]
[BlackElo "2380"]

1.d4 Nf6 2.c4 g6 3.Nc3 Bg7 4.e4 d6 5.f3 O-O 6.Be3 Nc6 7.Nge2 a6 8.Qd2 Rb8 9.h4
h5 10.Bh6 b5 11.Bxg7 Kxg7 12.O-O-O bxc4 13.d5 Ne5 14.Nd4 c5 15.dxc6 Qb6 16.Nd5
Nxd5 17.exd5 a5 18.f4 Ng4 19.Bxc4 e5 20.dxe6 Qb4 21.b3 Qc5 22.Nc2 Nf2 23.Qc3+
f6 24.Rd5 Qxc6 25.Rf1 Ne4 26.Qd4 Bxe6 27.Qxe4 Bxd5 28.Qxd5 Qxd5 29.Bxd5 Rfe8
30.Kd2 Rbc8 31.Nd4 {#r} 1-0

[Event "Memorial Klar (corr.)"]
[Site "masterchessopen.com – corr."]
[Round "0"]
[White "Omelchenko Lev (RUS)"]
[Black "Borwell Alan P (SCO)"]
[Result "1-0"]
[WhiteElo "2176"]
[BlackElo "2085"]

1.e4 g6 2.d4 Bg7 3.c4 d6 4.Nc3 Nf6 5.f3 O-O 6.Be3 Nc6 7.Qd2 a6 8.Nge2 Rb8 9.h4
h5 10.Bh6 b5 11.g4 e5 12.Bg5 hxg4 13.h5 gxh5 14.Rxh5 gxf3 15.O-O-O exd4 16.Nd5
Nxe4 17.Bxd8 Nxd2 18.Nf6+ {#r} 1-0

[Event "It (cat.14)"]
[Site "masterchessopen.com – London (England)"]
[Round "7"]
[White "Miles Anthony J (ENG)"]
[Black "Nunn John D M (ENG)"]
[Result "1-0"]
[WhiteElo "2565"]
[BlackElo "2575"]

1.d4 Nf6 2.c4 g6 3.Nc3 Bg7 4.e4 d6 5.f3 O-O 6.Be3 Nc6 7.Nge2 a6 8.Qd2 Rb8 9.h4
b5 10.h5 Nxh5 11.Bh6 Bxh6 12.Qxh6 f5 ( 12...e5 13.g4 Nf6 14.Nd5 Re8 15.g5 Nxd5
16.cxd5 { ? } ) 13.exf5 Bxf5 14.g4 e5 15.gxf5 Rxf5 16.Ng3 Nxg3 17.Qxh7+ Kf8
18.Qh8+ Ke7 19.Rh7+ Rf7 20.Nd5+ Ke6 21.Bh3+ Nf5 22.Bxf5+ gxf5 23.Nxc7+ Ke7 (
23...Qxc7 24.d5+ Ke7 25.Rxf7+ Kxf7 26.Qh7+ { +?? } ) 24.Rxf7+ Kxf7 25.Qh7+ Kf6
26.O-O-O Nxd4 27.Rh1 {#r} 1-0

[Event "Ch Poland"]
[Site "masterchessopen.com – Poznan (Poland)"]
[Round "0"]
[White "Schmidt Wlodzimierz (POL)"]
[Black "Sznapik Aleksander (POL)"]
[Result "0-1"]
[WhiteElo "2480"]
[BlackElo "2445"]

1.d4 Nf6 2.c4 g6 3.Nc3 Bg7 4.e4 d6 5.f3 O-O 6.Be3 Nc6 7.Nge2 a6 8.Qd2 Rb8 9.h4
h5 10.O-O-O b5 11.Nd5 bxc4 12.Nxf6+ exf6 13.g4 Nb4 14.Nc3 c5 15.dxc5 Be6
16.gxh5 Qa5 17.a3 dxc5 18.hxg6 f5 19.gxf7+ Kh7 20.axb4 cxb4 21.Rg1 Bxc3 {#R}
0-1

[Event "Ch Poland"]
[Site "masterchessopen.com – Poznan (Poland)"]
[Round "0"]
[White "Staniszewski Piotr (POL)"]
[Black "Flis Jacek (POL)"]
[Result "1-0"]
[WhiteElo "2360"]
[BlackElo "2360"]

1.d4 Nf6 2.c4 g6 3.Nc3 Bg7 4.e4 d6 5.f3 O-O 6.Be3 Nc6 7.Nge2 a6 8.Qd2 Rb8 9.h4
h5 10.O-O-O b5 11.Nd5 bxc4 12.Nxf6+ Bxf6 13.g4 hxg4 14.h5 e5 15.hxg6 fxg6
16.Nc3 d5 17.Nxd5 exd4 18.Bxc4 Be6 19.Nxf6+ Qxf6 20.Qh2 Rf7 21.Bxe6 dxe3
22.Rd7 Ne5 23.Bxf7+ Nxf7 24.Qh7+ Kf8 25.Rxf7+ Qxf7 26.Qh8+ Ke7 27.Qxb8 Qc4+
28.Kb1 e2 29.Rh7+ Kd6 30.Qd8+ Ke5 31.Qg5+ Kd4 32.Rd7+ {#r} 1-0

[Event "Olympiad"]
[Site "masterchessopen.com – Salonika (Greece)"]
[Round "10"]
[White "Szmacinska Grazyna (POL)"]
[Black "Savova Stefka (BUL)"]
[Result "1-0"]
[WhiteElo "2181"]
[BlackElo "2105"]

1.d4 Nf6 2.c4 g6 3.Nc3 Bg7 4.e4 O-O 5.Be3 d6 6.f3 Nc6 7.Nge2 a6 8.Qd2 Rb8 9.h4
h5 10.O-O-O b5 11.Nd5 bxc4 12.Nxf6+ Bxf6 13.g4 Nb4 14.Nc3 c5 15.Bxc4 Qa5
16.gxh5 cxd4 17.Bxd4 Bxd4 18.Qxd4 Qxh5 19.Rdg1 Nc6 20.Qe3 Ne5 21.Be2 Kg7
22.Rg5 Qh6 23.f4 Nc6 24.Rhg1 Qxh4 25.Rh5 Qf6 26.e5 Qf5 27.Rxf5 Bxf5 28.exd6
exd6 29.Bxa6 Nb4 30.Qd4+ Kg8 31.Rh1 f6 32.Bc4+ d5 33.Qa7 {#r} 1-0

[Event "?"]
[Site "masterchessopen.com – URS"]
[Round "0"]
[White "Andrianov Nikolai (RUS)"]
[Black "Kuzmin Alexey (RUS)"]
[Result "1-0"]
[WhiteElo "2400"]
[BlackElo "2365"]

1.d4 Nf6 2.c4 g6 3.Nc3 Bg7 4.e4 d6 5.f3 O-O 6.Be3 Nc6 7.Nge2 a6 8.Qd2 Rb8
9.Nc1 e5 10.Nb3 exd4 11.Nxd4 Nxd4 12.Bxd4 Be6 13.Be2 c5 14.Be3 b5 15.cxb5 axb5
16.Nxb5 d5 17.Bxc5 dxe4 18.Bxf8 Qxf8 19.O-O Rxb5 20.Bxb5 Qc5+ 21.Kh1 Qxb5
22.Qd8+ Qe8 23.Qxe8+ Nxe8 24.fxe4 Bxb2 25.Rab1 Be5 26.a4 Kf8 27.a5 Nc7 28.Rfc1
Ke8 29.Rxc7 {#r} 1-0

[Event "?"]
[Site "masterchessopen.com – URS"]
[Round "0"]
[White "Anikaev Yuri N (RUS)"]
[Black "Dvoirys Semen I (RUS)"]
[Result "1-0"]
[WhiteElo "2433"]
[BlackElo "2470"]

1.d4 Nf6 2.c4 g6 3.Nc3 Bg7 4.e4 d6 5.f3 O-O 6.Be3 Nc6 7.Nge2 a6 8.Qd2 Rb8 9.h4
h5 10.O-O-O b5 11.Nd5 bxc4 12.Nxf6+ exf6 13.g4 hxg4 14.h5 f5 15.hxg6 Qf6
16.Nf4 Nb4 17.Bxc4 d5 18.exd5 {#r} 1-0

[Event "Ch World (juniors) (under 20)"]
[Site "masterchessopen.com – Kiljava (Finland)"]
[Date "1984.08.06"]
[Round "4"]
[White "Thorsteins Karl (ISL)"]
[Black "Miljanic Boro (MNE)"]
[Result "1-0"]
[WhiteElo "2375"]
[BlackElo "2399"]

1.d4 Nf6 2.c4 g6 3.Nc3 Bg7 4.e4 d6 5.f3 O-O 6.Be3 Nc6 7.Qd2 a6 8.Nge2 Rb8 9.h4
b5 10.h5 Na5 11.Ng3 Nxc4 12.Bxc4 bxc4 13.O-O-O c5 14.dxc5 Qa5 15.cxd6 exd6
16.hxg6 fxg6 17.Qxd6 Nd7 18.Qe6+ Rf7 19.Rxh7 Qb4 20.Rxg7+ Kxg7 21.Bd4+ Kf8
22.Nd5 {#r} 1-0

[Event "It"]
[Site "masterchessopen.com – Sindelfingen (Germany)"]
[Date "1984.10.29"]
[Round "9"]
[White "Ostermeyer Peter Dr (GER)"]
[Black "Rocher Olivier (FRA)"]
[Result "1-0"]
[WhiteElo "2470"]
[BlackElo "2162"]

1.d4 Nf6 2.c4 g6 3.Nc3 Bg7 4.e4 d6 5.f3 O-O 6.Be3 a6 7.Qd2 Nc6 8.Nge2 Rb8
9.Rb1 b5 10.cxb5 axb5 11.b4 e5 12.d5 Ne7 13.Ng3 Bd7 14.Be2 Ne8 15.O-O f5 16.f4
g5 17.fxe5 f4 18.e6 Bc8 19.Bd4 fxg3 20.Rxf8+ Bxf8 21.Qxg5+ Ng7 22.Rf1 gxh2+
23.Kh1 Qe8 24.Rf7 Ng6 25.Qf6 Ne5 26.Bxe5 dxe5 27.Bxb5 Rxb5 28.Nxb5 Bxe6
29.Rxg7+ Bxg7 30.Qxe6+ Qxe6 31.dxe6 Bf8 32.Nxc7 Bxb4 33.a4 {#r} 1-0

[Event "Ch Netherlands (open)"]
[Site "masterchessopen.com – Dieren (Netherlands)"]
[Round "9"]
[White "Peek Marcel (NED)"]
[Black "Bosman Michiel (NED)"]
[Result "1-0"]
[WhiteElo "2338"]
[BlackElo "2342"]

1.d4 Nf6 2.c4 g6 3.Nc3 Bg7 4.e4 d6 5.f3 Nc6 6.Nge2 a6 7.Be3 O-O 8.Qd2 Rb8
9.Nc1 e5 10.d5 Nd4 11.N1e2 Nxe2 12.Bxe2 Nd7 13.O-O f5 14.b4 f4 15.Bf2 g5
16.Rfc1 h5 17.c5 Rf6 18.Rc2 Rg6 19.cxd6 cxd6 20.Rac1 g4 21.Kh1 g3 22.Bg1 Qg5
23.Bf1 Nf6 24.Na4 Bg4 25.hxg3 Rh6 26.Bh2 Rf8 27.gxf4 exf4 28.Qxf4 Qg6 29.Qxd6
Qh7 30.Qc7 b5 31.Nc5 Rf7 32.Qc6 h4 33.fxg4 {#r} 1-0

[Event "Zt"]
[Site "masterchessopen.com – Gausdal (Norway)"]
[Round "0"]
[White "Petursson Margeir (ISL)"]
[Black "Westerinen Heikki M J (FIN)"]
[Result "1-0"]
[WhiteElo "2550"]
[BlackElo "2390"]

1.d4 Nf6 2.c4 g6 3.Nc3 Bg7 4.e4 d6 5.f3 O-O 6.Be3 Nc6 7.Nge2 a6 8.Qd2 Rb8 9.h4
h5 10.Nd5 Nh7 11.g4 hxg4 12.h5 e6 13.Ndc3 gxf3 14.hxg6 fxg6 15.Nf4 Nxd4
16.O-O-O Rxf4 17.Bxf4 g5 18.Qh2 Nf8 19.e5 Nf5 20.Bd3 Ng6 21.Qh7+ Kf7 22.Qh5
Qg8 23.Ne4 Bxe5 24.Bxe5 dxe5 25.Qxg5 Bd7 26.Nf6 {#r} 1-0

[Event "Ch Europe (juniors)"]
[Site "masterchessopen.com – Groningen (Netherlands)"]
[Round "12"]
[White "Hynes Kilian A (IRL)"]
[Black "Schlosser Michael (AUT)"]
[Result "0-1"]
[WhiteElo "2227"]
[BlackElo "2361"]

1.d4 Nf6 2.c4 g6 3.Nc3 Bg7 4.e4 d6 5.f3 O-O 6.Be3 Nc6 7.Nge2 a6 8.Qd2 Rb8
9.Rc1 Bd7 10.a3 Na5 11.Qd3 b5 12.cxb5 axb5 13.Rd1 Nc4 14.Bc1 e5 15.g3 d5 16.b3
exd4 17.bxc4 bxc4 18.Qxd4 Nxe4 19.Qxd5 Bxc3+ 20.Nxc3 Nxc3 21.Qxd7 Re8+ 22.Be2
Rxe2+ 23.Kf1 Qxd7 24.Rxd7 Rb1 25.Rd1 Rc2 {#R} 0-1

[Event "Ch Italy (team)"]
[Site "masterchessopen.com – Milan (Italy)"]
[Round "0"]
[White "Palmiotto Fiorentino (ITA)"]
[Black "Sarno Spartaco (ITA)"]
[Result "1-0"]
[WhiteElo "2104"]
[BlackElo "2330"]

1.d4 Nf6 2.c4 g6 3.Nc3 Bg7 4.e4 d6 5.f3 O-O 6.Be3 Nc6 7.Nge2 a6 8.Qd2 Rb8 9.h4
h5 10.Bh6 b5 11.Bxg7 Kxg7 12.d5 Ne5 13.cxb5 Nc4 14.Qc1 Na5 15.Nd4 e5 16.dxe6
fxe6 17.Qg5 c5 18.Nc2 Bd7 19.a4 Nb3 20.Rd1 Qb6 21.e5 Nd5 22.Nxd5 exd5 23.Rxd5
Rbe8 24.Kf2 Re6 25.Bc4 Rf5 26.Rxd6 Rxd6 27.Qe7+ Kh6 28.Bg8 {#r} 1-0

[Event "It"]
[Site "masterchessopen.com – Omsk (Russia)"]
[Round "4"]
[White "Tseitlin Michael (GER)"]
[Black "Loginov Valery A (RUS)"]
[Result "0-1"]
[WhiteElo "2490"]
[BlackElo "2350"]

1.d4 Nf6 2.c4 g6 3.Nc3 Bg7 4.e4 d6 5.f3 O-O 6.Be3 a6 7.Nge2 Nc6 8.Qd2 Rb8 9.h4
b5 10.h5 e5 11.dxe5 Nxe5 12.Nf4 bxc4 13.hxg6 hxg6 14.O-O-O Re8 15.Qf2 Nh7
16.Qg3 Nf8 17.Bd4 c6 18.Bxc4 Qa5 19.Bb3 c5 20.Nxg6 Nfxg6 21.Bxe5 Nxe5 22.f4 c4
23.Nd5 Ng6 24.Rh5 Rxb3 {#R} 0-1

[Event "It (open) \"]
[Site "masterchessopen.com – USA"]
[Round "1"]
[White "Wallach Kenneth (USA)"]
[Black "Zelkind Eduard (USA)"]
[Result "0-1"]
[WhiteElo "2176"]
[BlackElo "2177"]

1.d4 Nf6 2.c4 g6 3.Nc3 Bg7 4.e4 d6 5.f3 O-O 6.Be3 Nc6 7.Nge2 a6 8.Qd2 Rb8 9.g4
h5 10.gxh5 Nxh5 11.O-O-O e5 12.d5 Ne7 13.Ng3 Nf4 14.Bxf4 exf4 15.Qxf4 b5
16.cxb5 axb5 17.Bd3 c5 18.dxc6 Nxc6 19.Nge2 Be6 20.Bb1 Ne5 21.Nd5 Rc8+ 22.Bc2
Bxd5 23.Rxd5 Qc7 24.Nd4 Nd3+ {#R} 0-1

[Event "?"]
[Site "masterchessopen.com – USA"]
[Round "0"]
[White "Ivanov Igor V (CAN)"]
[Black "Blocker Calvin (USA)"]
[Result "1-0"]
[WhiteElo "2424"]
[BlackElo "2378"]

1.d4 Nf6 2.c4 g6 3.Nc3 Bg7 4.e4 d6 5.f3 O-O 6.Be3 Nc6 7.Nge2 a6 8.Qd2 Rb8
9.O-O-O b5 10.h4 h5 11.Bh6 e5 12.Bxg7 Kxg7 13.d5 Na5 14.cxb5 axb5 15.Ng3 b4
16.Nb5 c5 17.dxc6 Nxc6 18.Qg5 Qb6 19.Rxd6 Qc5+ 20.Kb1 b3 21.Qxf6+ Kh7 22.Rxc6
bxa2+ 23.Ka1 Qf2 24.Bc4 Be6 25.Nxh5 Rg8 26.Qxe5 {#r} 1-0

[Event "Ch Commonwealth"]
[Site "masterchessopen.com – London (England)"]
[Date "1985.02.23"]
[Round "8"]
[White "Blackstock Lesly S F (SCO)"]
[Black "Jamieson Peter M (SCO)"]
[Result "0-1"]
[WhiteElo "2255"]
[BlackElo "2251"]

1.d4 Nf6 2.c4 g6 3.Nc3 Bg7 4.e4 d6 5.f3 O-O 6.Be3 Nc6 7.Nge2 a6 8.Qd2 Rb8
9.Bh6 b5 10.h4 bxc4 11.Bxg7 Kxg7 12.h5 Ng8 13.O-O-O e5 14.d5 Nb4 15.Ng3 Nd3+
16.Bxd3 cxd3 17.Rh2 Qf6 18.Kb1 Qf4 19.Nf1 Qxd2 20.Rxd2 f5 21.hxg6 hxg6 22.Rxd3
Nf6 23.Nd2 Bd7 24.Rh1 Rh8 25.Rc1 Rh2 26.exf5 gxf5 27.Nd1 Rb7 28.Nf1 Rxg2
29.Rb3 Rxb3 30.axb3 f4 31.Nc3 c6 32.Ne4 cxd5 33.Nxd6 Rf2 {#R} 0-1

[Event "It (open)"]
[Site "masterchessopen.com – Leverkusen (Germany)"]
[Date "1985.06.15"]
[Round "2"]
[White "Keiner Martin"]
[Black "Stoeber Michael (GER)"]
[Result "1-0"]
[WhiteElo "1620"]
[BlackElo "2296"]

1.d4 Nf6 2.c4 g6 3.Nc3 Bg7 4.e4 d6 5.f3 O-O 6.Be3 Nc6 7.Nge2 a6 8.Qd2 Rb8 9.h4
h5 10.O-O-O b5 11.g4 hxg4 12.h5 gxf3 13.Ng3 e5 14.h6 {#r} 1-0

[Event "It (open)"]
[Site "masterchessopen.com – Biel (Switzerland)"]
[Round "0"]
[White "Loch Hagen (GER)"]
[Black "Giertz Niklaus (SUI)"]
[Result "1-0"]
[WhiteElo "2156"]
[BlackElo "2246"]

1.d4 Nf6 2.c4 g6 3.Nc3 Bg7 4.e4 d6 5.f3 O-O 6.Be3 Nc6 7.Qd2 a6 8.Nge2 Rb8 9.h4
h5 10.O-O-O b5 11.g4 hxg4 12.h5 Nxh5 13.Rxh5 gxh5 14.Ng3 f6 15.Nxh5 Rf7
16.cxb5 axb5 17.Bxb5 Na7 18.Bc4 e6 19.Rg1 Kf8 20.Nxg7 Kxg7 21.d5 Ra8 22.dxe6
Re7 23.Rxg4+ Kh8 24.Bxa7 Rxa7 25.Qh6+ Rh7 26.e7 {#r} 1-0

[Event "Ch World (juniors)"]
[Site "masterchessopen.com – Gausdal (Norway)"]
[Round "0"]
[White "Merritt Mario (TRI)"]
[Black "Prayitno Sugeng (INA)"]
[Result "0-1"]
[WhiteElo "2097"]
[BlackElo "2351"]

1.d4 Nf6 2.c4 g6 3.Nc3 Bg7 4.e4 d6 5.f3 Nc6 6.Nge2 O-O 7.Be3 a6 8.Qd2 Rb8 9.a4
Bd7 10.h4 h5 11.d5 Ne5 12.Nc1 c6 13.a5 e6 14.f4 Neg4 15.Bb6 Qe7 16.dxc6 Bxc6
17.Bd3 Nd7 18.Ba7 Ra8 19.Bg1 e5 20.N1e2 exf4 21.Qxf4 Nde5 22.Qd2 Rae8 23.O-O-O
Bh6 24.Nf4 Nxd3+ 25.Qxd3 Bxf4+ 26.Kb1 Bxe4 27.Nxe4 Qxe4 28.Qxe4 Rxe4 29.b3
{#R} 0-1

[Event "It (open)"]
[Site "masterchessopen.com – Geneva (Switzerland)"]
[Round "0"]
[White "Meister Peter (GER)"]
[Black "Sarno Spartaco (ITA)"]
[Result "0-1"]
[WhiteElo "2428"]
[BlackElo "2400"]

1.d4 Nf6 2.c4 g6 3.Nc3 Bg7 4.e4 d6 5.f3 O-O 6.Be3 Nc6 7.Nge2 a6 8.Qd2 Rb8 9.h4
h5 10.Bh6 Bxh6 11.Qxh6 e5 12.O-O-O b5 13.dxe5 Nxe5 14.Nf4 bxc4 15.Be2 c6 16.g4
Bxg4 17.Rdg1 Qb6 18.Nd1 c3 19.bxc3 Qb1+ 20.Kd2 Rb2+ 21.Nxb2 Qxb2+ 22.Ke3 Qxc3+
23.Nd3 Bxf3 {#R} 0-1

[Event "It (young masters)"]
[Site "masterchessopen.com – Oakham (England)"]
[Round "5"]
[White "Ward Christopher (ENG)"]
[Black "Howell James C (ENG)"]
[Result "0-1"]
[WhiteElo "2448"]
[BlackElo "2400"]

1.d4 Nf6 2.c4 g6 3.Nc3 Bg7 4.e4 d6 5.f3 O-O 6.Be3 Nc6 7.Qd2 a6 8.Nge2 Rb8
9.Nc1 e5 10.d5 Nd4 11.N1e2 c5 12.dxc6 Nxc6 13.Nc1 Be6 14.Nb3 Ne8 15.Be2 f5
16.O-O f4 17.Bf2 Bf6 18.Nd5 Bh4 19.Bb6 Qg5 20.Rfd1 Qh5 21.Nc7 Nxc7 22.Bxc7 Bg3
23.hxg3 fxg3 24.Qe3 Rf4 25.Kf1 Rxe4 26.Qg1 Rh4 27.Bd3 Rh1 28.Ke2 Rxg1 29.Rxg1
e4 30.Bxe4 Bxc4+ 31.Kd2 Qg5+ 32.Kc3 d5 33.Rae1 Rc8 {#R} 0-1

[Event "Ch URS (1/2 final)"]
[Site "masterchessopen.com – Pinsk (Belarus)"]
[Round "0"]
[White "Kozlov Vladimir N (RUS)"]
[Black "Smirin Ilia (ISR)"]
[Result "0-1"]
[WhiteElo "2400"]
[BlackElo "2678"]

1.c4 g6 2.d4 Nf6 3.Nc3 Bg7 4.e4 d6 5.f3 O-O 6.Be3 Nc6 7.Nge2 a6 8.Qd2 Rb8 9.a4
a5 10.Rd1 Re8 11.g3 e5 12.Bg2 Nd7 13.O-O exd4 14.Nxd4 Nb4 15.f4 b6 16.e5 Nc5
17.Nc6 Nxc6 18.Bxc6 Bd7 19.Bxd7 Qxd7 20.Bxc5 bxc5 21.Nb5 Qc6 22.Qxa5 dxe5
23.Qxc7 Qxc7 24.Nxc7 Re7 25.Nd5 Ra7 26.Rfe1 f6 27.Nc3 exf4 28.Nb5 Rxa4 29.b3
Rb4 30.gxf4 Rxb3 31.Re7 Bf8 32.Re6 f5 33.h4 Rh3 {#R} 0-1

[Event "Ch Poland (team)"]
[Site "masterchessopen.com – Porabka (Poland)"]
[Round "7"]
[White "Staniszewski Piotr (POL)"]
[Black "Stypka Mieczyslaw (POL)"]
[Result "1-0"]
[WhiteElo "2420"]
[BlackElo "2219"]

1.d4 Nf6 2.c4 g6 3.Nc3 Bg7 4.e4 d6 5.f3 O-O 6.Be3 Nc6 7.Nge2 a6 8.Qd2 Rb8 9.a3
Bd7 10.b4 b5 11.cxb5 axb5 12.d5 Ne5 13.Nd4 e6 14.Be2 exd5 15.exd5 Re8 16.O-O
Qc8 17.Ndxb5 Bxb5 18.Nxb5 Nxd5 19.Qxd5 c6 20.Qxd6 cxb5 21.Rac1 Qb7 22.Rc7 Qa8
23.Ba7 Rbd8 24.Qa6 Nd3 25.Bxd3 Rxd3 26.Qxb5 Rxa3 27.Qd7 Rf8 28.Bc5 Ra1 29.Bxf8
Rxf1+ 30.Kxf1 Qa1+ 31.Ke2 Qe5+ 32.Kd3 {#r} 1-0

[Event "It"]
[Site "masterchessopen.com – Arnhem (Netherlands)"]
[Round "0"]
[White "Lev Ronen (ISR)"]
[Black "Gelfand Boris (ISR)"]
[Result "0-1"]
[WhiteElo "2400"]
[BlackElo "2510"]

1.d4 Nf6 2.c4 g6 3.Nc3 Bg7 4.e4 d6 5.f3 O-O 6.Be3 Nc6 7.Qd2 a6 8.Nge2 Rb8 9.a3
Bd7 10.b4 b5 11.c5 e6 12.cxd6 cxd6 13.Nc1 e5 14.Nb3 d5 15.exd5 Nxd5 16.Nxd5
Be6 17.dxe5 Bxd5 18.Bg5 Bxb3 19.Bxd8 Rbxd8 20.Qc3 Bxe5 21.Qxb3 Rfe8 22.Bd3
Bxa1+ 23.Be4 Bd4 24.Kf1 Ne5 25.g3 Nc4 26.Kg2 Ne3+ 27.Kh3 Re5 28.g4 h5 29.Bxg6
hxg4+ 30.Kg3 Nc4 31.Be4 gxf3 32.Qxf3 f5 33.Qh5 f4+ {#R} 0-1

[Event "Ch Bayern (b)"]
[Site "masterchessopen.com – Bayern (Germany)"]
[Round "0"]
[White "Wallinger Manfred (GER)"]
[Black "Schneider Roland (GER)"]
[Result "1-0"]
[WhiteElo "2150"]
[BlackElo "2141"]

1.d4 Nf6 2.c4 d6 3.Nc3 g6 4.e4 Bg7 5.f3 O-O 6.Be3 Nc6 7.Nge2 a6 8.Qd2 Rb8
9.O-O-O b5 10.h4 e5 11.h5 Nxh5 12.Bh6 Nxd4 13.Nxd4 Bxh6 14.Qxh6 exd4 15.Nd5 f5
16.exf5 Rxf5 17.g4 Rxd5 18.cxd5 Nf6 19.Rxd4 Bb7 20.g5 Nh5 21.Bd3 Qe7 22.Bxg6
hxg6 23.Qxg6+ Kf8 24.Rf4+ Nxf4 25.Rh8# 1-0

[Event "It (juniors)"]
[Site "masterchessopen.com – Espoo (Finland)"]
[Round "0"]
[White "Tella Jussi (FIN)"]
[Black "Manninen Marko (FIN)"]
[Result "1-0"]
[WhiteElo "2429"]
[BlackElo "2377"]

1.d4 Nf6 2.c4 g6 3.Nc3 Bg7 4.e4 O-O 5.f3 Nc6 6.Be3 d6 7.Nge2 Rb8 8.Qd2 a6
9.Nc1 e5 10.d5 Nd4 11.N1e2 c5 12.dxc6 bxc6 13.Nxd4 exd4 14.Bxd4 d5 15.cxd5
cxd5 16.exd5 Re8+ 17.Be2 Rb4 18.O-O Rxd4 19.Qxd4 Ng4 20.Qc4 Ne3 21.Qc6 Bd7
22.Qxa6 Nxg2 23.Kxg2 Qh4 24.Qc4 Qh3+ 25.Kh1 Re5 26.Rf2 Rh5 27.Rg1 Be5 28.f4
Rh4 29.Bf1 Qf5 30.Rg5 Qf6 31.Rxe5 {#r} 1-0

[Event "It"]
[Site "masterchessopen.com – Reggio Emilia (Italy)"]
[Round "5"]
[White "Belotti Bruno (ITA)"]
[Black "Beil Zdenek (CZE)"]
[Result "1-0"]
[WhiteElo "2433"]
[BlackElo "2256"]

1.e4 g6 2.d4 Bg7 3.c4 d6 4.Nc3 Nf6 5.f3 O-O 6.Be3 Nc6 7.Nge2 Rb8 8.Qd2 a6 9.h4
b5 10.h5 e5 11.hxg6 fxg6 12.d5 Na5 13.Ng3 bxc4 14.O-O-O Bd7 15.Nb1 Nb7 16.Bxc4
Bb5 17.Na3 Qd7 18.Kb1 Rfc8 19.Rc1 Qe8 20.Rc2 Bxc4 21.Nxc4 c5 22.dxc6 Rxc6
23.Rhc1 Rbc8 24.Nb6 Rxc2 25.Rxc2 Rxc2 26.Qxc2 h5 27.Qc4+ Kh7 28.Qxa6 Qc6
29.Qc4 Nc5 30.Nd5 Nfd7 31.Ne7 Qa8 32.Qf7 {#r} 1-0

[Event "It"]
[Site "masterchessopen.com – Zug (Switzerland)"]
[Round "1"]
[White "Adler Joel (SUI)"]
[Black "McDonald Neil R (ENG)"]
[Result "0-1"]
[WhiteElo "2266"]
[BlackElo "2400"]

1.d4 Nf6 2.c4 g6 3.Nc3 Bg7 4.e4 d6 5.f3 O-O 6.Be3 Nc6 7.Nge2 a6 8.Qd2 Rb8
9.Nc1 e5 10.d5 Nd4 11.N1e2 c5 12.dxc6 bxc6 13.Nxd4 exd4 14.Bxd4 d5 15.cxd5
cxd5 16.exd5 Rb4 17.Ne4 Rxd4 {#R} 0-1

[Event "Ch Germany (team) (universities)"]
[Site "masterchessopen.com – Muenster (Germany)"]
[Round "6"]
[White "Werner Michael (GER)"]
[Black "Pangritz Peter (GER)"]
[Result "1-0"]
[WhiteElo "2129"]
[BlackElo "2116"]

1.d4 Nf6 2.c4 g6 3.Nc3 Bg7 4.e4 O-O 5.Be3 d6 6.f3 Nc6 7.Nge2 a6 8.Qd2 Rb8 9.g4
b5 10.h4 e5 11.d5 Na5 12.Ng3 Nxc4 13.Bxc4 bxc4 14.h5 Bd7 15.O-O-O Rb4 16.Bh6
Qb8 17.Bxg7 Kxg7 18.hxg6 fxg6 19.Qh6+ Kg8 20.g5 Nh5 21.Nxh5 gxh5 22.g6 {#r}
1-0

[Event "?"]
[Site "masterchessopen.com – Belgrade (Yugoslavia)"]
[Round "0"]
[White "Gunawan Ronny (INA)"]
[Black "Nikolic Sava N R (SRB)"]
[Result "0-1"]
[WhiteElo "2440"]
[BlackElo "2114"]

1.d4 Nf6 2.c4 g6 3.Nc3 Bg7 4.e4 d6 5.f3 O-O 6.Be3 Nc6 7.Nge2 a6 8.Qd2 Rb8 9.h4
e5 10.d5 Na5 11.Ng3 c5 12.dxc6 bxc6 13.O-O-O Nb7 14.h5 Be6 15.Bh6 Bxh6 16.Qxh6
Kh8 17.Be2 Ng8 18.Qd2 g5 19.c5 Nxc5 20.Kb1 Qa5 21.Nf1 Na4 {#R} 0-1

[Event "It"]
[Site "masterchessopen.com – Berlin (Germany)"]
[Round "0"]
[White "Zsinka Laszlo (HUN)"]
[Black "Gueldner Kurt (GER)"]
[Result "1-0"]
[WhiteElo "2286"]
[BlackElo "2290"]

1.d4 Nf6 2.c4 g6 3.Nc3 Bg7 4.e4 d6 5.f3 Nc6 6.Be3 a6 7.Nge2 O-O 8.Qd2 Rb8 9.a3
Re8 10.b4 e5 11.d5 Nd4 12.Nxd4 exd4 13.Bxd4 c5 14.dxc6 bxc6 15.Rd1 c5 16.Bxc5
Nxe4 17.Nxe4 f5 18.Qxd6 Rxe4+ 19.fxe4 Qh4+ 20.g3 Qxe4+ 21.Kf2 {#r} 1-0

[Event "It (open)"]
[Site "masterchessopen.com – Caorle (Italy)"]
[Round "8"]
[White "Sand Rolf Dr (GER)"]
[Black "Engelkes B"]
[Result "1-0"]
[WhiteElo "2000"]
[BlackElo "2000"]

1.d4 Nf6 2.c4 g6 3.Nc3 Bg7 4.e4 d6 5.f3 O-O 6.Be3 Nc6 7.Nge2 a6 8.Qd2 Rb8
9.Bh6 Bxh6 10.Qxh6 e5 11.O-O-O exd4 12.Nxd4 Nxd4 13.Rxd4 c5 14.Rd2 Qe7 15.h4
Be6 16.h5 b5 17.hxg6 fxg6 18.Be2 bxc4 19.Rhd1 Rb6 20.Qh2 Rfb8 21.Rxd6 Rxb2
22.Qe5 R2b6 23.Bxc4 {#r} 1-0